000 00492nam a2200169 a 4500
005 20140412111359.0
008 060126s19uu xx 00 eng d
020 _a0-439-44710-0
050 _aTR(PS E
_bIn2 2001
100 _aPinczes, Elinor
245 _aInchworm and a half /
_cby Elinor J. Pinczes ; illustrated by Randall Enos.
260 _aNew York :
_bScholastic Inc.,
_c2001.
300 _a1 v. (unp.) ; ill.
650 _aWorms
_xFiction
650 _aFraction
999 _c105437
_d105437